Statistics for Click the Digits of Pi - Thirty-Second Sprint

Click here to take the quiz!

General Stats

  • This quiz has been taken 88 times
  • The average score is 18 of 200

Answer Stats

HintAnswer% Correct
First3
100%
Point1
97%
Next4
94%
Next1
83%
Next5
83%
Next9
74%
Next6
69%
Next2
66%
Next5
63%
Next3
51%
Next5
46%
Next7
46%
Next2
43%
Next3
37%
Next8
37%
Next9
37%
Next9
37%
Next3
34%
Next3
34%
Next4
34%
Next6
34%
Next2
31%
Next2
31%
Next2
31%
Next4
31%
Next8
31%
Next3
29%
Next6
29%
Next8
29%
Next3
26%
Next5
26%
Next7
26%
Next9
26%
Next0
20%
Next4
20%
Next8
20%
Next8
17%
Next9
17%
Next1
14%
Next1
11%
Next6
11%
Next9
11%
Next7
9%
Next9
9%
Next9
9%
Next3
6%
Next8
6%
Next0
3%
Next1
3%
Next2
3%
Next2
3%
Next2
3%
Next2
3%
Next2
3%
Next2
3%
Next2
3%
Next2
3%
Next2
3%
Next2
3%
Next2
3%
Next2
3%
Next2
3%
Next2
3%
Next2
3%
Next2
3%
Next2
3%
Next3
3%
Next4
3%
Next4
3%
Next4
3%
Next5
3%
Next5
3%
Next5
3%
Next5
3%
Next6
3%
Next6
3%
Next6
3%
Next6
3%
Next6
3%
Next6
3%
Next6
3%
Next6
3%
Next6
3%
Next7
3%
Next8
3%
Next9
3%
Next9
3%
Next0
0%
Next0
0%
Next0
0%
Next0
0%
Next0
0%
Next0
0%
Next0
0%
Next0
0%
Next0
0%
Next0
0%
Next0
0%
Next0
0%
Next0
0%
Next0
0%
Next0
0%
Next0
0%
Next0
0%
Next1
0%
Next1
0%
Next1
0%
Next1
0%
Next1
0%
Next1
0%
Next1
0%
Next1
0%
Next1
0%
Next1
0%
Next1
0%
Next1
0%
Next1
0%
Next1
0%
Next1
0%
Next2
0%
Next2
0%
Next3
0%
Next3
0%
Next3
0%
Next3
0%
Next3
0%
Next3
0%
Next3
0%
Next3
0%
Next3
0%
Next3
0%
Next3
0%
Next4
0%
Next4
0%
Next4
0%
Next4
0%
Next4
0%
Next4
0%
Next4
0%
Next4
0%
Next4
0%
Next4
0%
Next4
0%
Next4
0%
Next4
0%
Next4
0%
Next4
0%
Next5
0%
Next5
0%
Next5
0%
Next5
0%
Next5
0%
Next5
0%
Next5
0%
Next5
0%
Next5
0%
Next5
0%
Next5
0%
Next5
0%
Next6
0%
Next6
0%
Next7
0%
Next7
0%
Next7
0%
Next7
0%
Next7
0%
Next7
0%
Next7
0%
Next7
0%
Next8
0%
Next8
0%
Next8
0%
Next8
0%
Next8
0%
Next8
0%
Next8
0%
Next8
0%
Next8
0%
Next8
0%
Next8
0%
Next8
0%
Next8
0%
Next8
0%
Next8
0%
Next8
0%
Next8
0%
Next8
0%
Next9
0%
Next9
0%
Next9
0%
Next9
0%
Next9
0%
Next9
0%
Next9
0%
Next9
0%
Next9
0%
Next9
0%
Next9
0%
Next9
0%
Next9
0%

Score Distribution

Percentile by Number Answered

Percent of People with Each Score

Your Score History

You have not taken this quiz